| 000 | 00728nam a2200229 i 4500 | ||
|---|---|---|---|
| 001 | 68939 | ||
| 003 | ES-MaACL | ||
| 005 | 20240205125050.0 | ||
| 007 | t| | ||
| 008 | 040812s1982 sp ||||1| spa d | ||
| 020 | _a84-500-8243-9 | ||
| 080 | _a027.54.342.531(460) | ||
| 100 | 1 |
_aHerrero Gutiérrez, Rosario. _963318 |
|
| 245 | 1 | 3 |
_aLa biblioteca del Senado / _cRosario Herrero Gutiérrez. |
| 260 |
_aMadrid : _b[s.n.], _c1982. |
||
| 300 |
_a111 p., [12] p. de lám. ; _c23 cm. |
||
| 610 | 1 |
_aEspaña. _bCortes Generales. _bSenado. _bBiblioteca. _93676 |
|
| 852 |
_aES-MaACL _jL-4214 _bR.105100 |
||
| 852 |
_aES-MaACL _jA-15069 _971511 _cDEPO1 _dOlim: 027.54 HER bib |
||
| 942 | _2udc | ||
| 999 |
_c68939 _d68939 |
||